Jak zdokonalovat řízení logistických řetězců
Možnosti ako dosiahnuť významné zlepšenie v riadení logistického reťazca. Optimalizácia je potrebná vo všetkých funkciách pozdĺž celého reťazca. Päť bodov programu na realizáciu zlepšenia výkonu logistického reťazca: optimalizácia úrovne zákazníckych služieb, zvyšovanie presnosti plánovania, znižova...
Gespeichert in:
| Format: | Buchkapitel |
|---|---|
| Sprache: | Tschechisch |
| Schlagworte: | |
| Tags: |
Keine Tags, Fügen Sie das erste Tag hinzu!
|
MARC
| LEADER | 00000naa a2200000 4500 | ||
|---|---|---|---|
| 001 | r038035 | ||
| 005 | 20231003123001.8 | ||
| 041 | 0 | |a cze | |
| 044 | |a CZ | ||
| 245 | 1 | 0 | |a Jak zdokonalovat řízení logistických řetězců |
| 520 | |a Možnosti ako dosiahnuť významné zlepšenie v riadení logistického reťazca. Optimalizácia je potrebná vo všetkých funkciách pozdĺž celého reťazca. Päť bodov programu na realizáciu zlepšenia výkonu logistického reťazca: optimalizácia úrovne zákazníckych služieb, zvyšovanie presnosti plánovania, znižovanie zložitosti sortimentu výrobkov, skracovanie priebežných dôb, implementácia riadenia logistického reťazca. | ||
| 610 | 2 | 0 | |a reťazce logistické |
| 610 | 2 | 0 | |a logistika |
| 610 | 2 | 0 | |a riadenie |
| 610 | 2 | 0 | |a služby |
| 610 | 2 | 0 | |a zákazníci |
| 610 | 2 | 0 | |a optimalizácia |
| 610 | 2 | 0 | |a riadenie zásob |